000 00293nam a22001337a 4500
008 170623b xxu||||| |||| 00| 0 eng d
020 _a9781563247200
041 _aeng
080 _a32
100 _a21
101 _aSHP
245 _aDEMOCRATIZATION IN RUSSIA
_cHAHN, J.W
942 _2udc
_cBK
999 _c18887
_d18887